Problems of Pensioners Socio-Economic Policy and Administration (Record no. 1451594)

MARC details
000 -LEADER
fixed length control field 00583nam a2200193Ia 4500
005 - DATE AND TIME OF LATEST TRANSACTION
control field 20250923145446.0
008 - FIXED-LENGTH DATA ELEMENTS--GENERAL INFORMATION
fixed length control field 008 250917s9999 xx 000 0 eng d
037 ## - SOURCE OF ACQUISITION
Stock number Textual
040 ## - CATALOGING SOURCE
Original cataloging agency DSWL
Language of cataloging eng
Transcribing agency DSWL
041 ## - LANGUAGE CODE
Language code of text/sound track or separate title eng
Source of code eng
084 ## - COLON CLASSIFICATION NUMBER
Classification number YX
Assigning agency DSWL
100 ## - MAIN ENTRY--PERSONAL NAME
Personal name Jaggannadham, V.Palvia
9 (RLIN) 835535
245 #0 - TITLE STATEMENT
Title Problems of Pensioners Socio-Economic Policy and Administration
Statement of responsibility, etc. by V. Palvia Jaggannadham
260 ## - PUBLICATION, DISTRIBUTION, ETC.
Place of publication, distribution, etc. New Delhi
Name of publisher, distributor, etc. Delhi I.I.P.A.
300 ## - PHYSICAL DESCRIPTION
Extent vii,283,17 p.
700 ## - ADDED ENTRY--PERSONAL NAME
Personal name V. Palvia
9 (RLIN) 835536
942 ## - ADDED ENTRY ELEMENTS (KOHA)
Koha item type Textual
Classification part YX
Holdings
Withdrawn status Lost status Damaged status Not for loan Home library Current library Date acquired Source of acquisition Total Checkouts Full call number Barcode Date last seen Price effective from Koha item type
        Department of Social Work Library Department of Social Work Library 2025-09-23 Through : The Author   YX SW0018995 2025-09-23 2025-09-23 Textual
Copyright @ Delhi University Library System